Top 20 World Cities with Ten (or more) Letters - Statistics

General Stats
  • This quiz has been taken 207 times
    185 since last reset
  • The average score is 15 of 20
Answer Stats
Population Country City % Correct
22.10 mil Mexico Mexico City
97%
17.60 mil United States Los Angeles
96%
12.70 mil Brazil Rio de Janeiro
96%
15.80 mil Argentina Buenos Aires
94%
13.40 mil South Africa Johannesburg
92%
5.45 mil Russia Saint Petersburg
92%
22.00 mil United States New York City
89%
7.60 mil United States San Francisco
88%
7.00 mil Malaysia Kuala Lumpur
84%
5.15 mil Egypt Alexandria
81%
8.35 mil United States Washington, DC
79%
4.18 mil Morocco Casablanca
74%
4.15 mil Kuwait Kuwait City
74%
7.30 mil United States Philadelphia
68%
4.98 mil Mexico Guadalajara
67%
5.30 mil Tanzania Dar es Salaam
66%
4.93 mil Brazil Belo Horizonte
58%
4.53 mil Bangladesh Chittagong
48%
4.08 mil Brazil Porto-Alegre
41%
3.95 mil Pakistan Faisalabad
33%
No matching quizzes found
Score Distribution
Percent of People with Each Score
Percentile by Number Answered
Your Score History
You have not taken this quiz since the last reset